| 000 | 00617nam a2200253Ia 4500 | ||
|---|---|---|---|
| 003 | OSt | ||
| 005 | 20221006144240.0 | ||
| 006 | a|||||r|||| 00| 0 | ||
| 007 | ta | ||
| 008 | 221006b |||||||| |||| 00| 0 eng d | ||
| 020 | _c180.00 | ||
| 024 | _a11,240 | ||
| 037 | _cTextual | ||
| 040 |
_aEASL _cEASL _beng |
||
| 041 |
_2eng _aeng |
||
| 082 | _aU.41.N7, L6 | ||
| 245 | 0 | _aChina-Land of charm and beauty | |
| 260 |
_aBeijing _bPeople's Republic of China _c1976 |
||
| 300 |
_a252p. _ccm. |
||
| 490 | _v CEL | ||
| 650 | _aCEL | ||
| 942 |
_hU.41.N7, L6 _cTEXL _2CC |
||
| 999 |
_c1079326 _d1079326 |
||